000 00325nam a2200133Ia 4500
008 190216s9999||||xx |||||||||||||| ||und||
100 _aNarayanan S And Manicavachagom Pillay T K
245 0 _aComplex Analysis
250 _aTHIRD
260 _bViswanathan S.
_c1985
300 _a201
650 _aMathematics
942 _cBK
999 _c30793
_d30793